Statistics for Countries that Don't Border #2

Click here to take the quiz!

General Stats

  • This quiz has been taken 25 times
  • The average score is 7 of 10

Answer Stats

QuestionAnswer% Correct
Czech RepublicSlovenia
91%
IndiaSri Lanka
91%
BoliviaUruguay
83%
FranceNetherlands
74%
IraqIsrael
70%
United Arab EmiratesQatar
70%
RussiaSweden
65%
KazakhstanTajikistan
65%
UgandaEthiopia
57%
ChadAlgeria
52%

Score Distribution

Percentile by Number Answered

Percent of People with Each Score

Your Score History

You have not taken this quiz